Central Library OPAC University of Rajshahi

The philosophy of science of A.S. Eddington / (Record no. 10092)

MARC details
000 -LEADER
fixed length control field 00955cam a22002771 4500
001 - CONTROL NUMBER
control field 10092
003 - CONTROL NUMBER IDENTIFIER
rucl marc code BD-RjUL
005 - DATE AND TIME OF LATEST TRANSACTION
control field 20211208234906.0
008 - FIXED-LENGTH DATA ELEMENTS--GENERAL INFORMATION
fixed length control field 140122s1960 ne b 001 0 eng
035 ## - SYSTEM CONTROL NUMBER
System control number (BD-RjUL)10139
System control number (OCoLC)1193690
040 ## - CATALOGING SOURCE
Original cataloging agency DLC
Transcribing agency OYU
Modifying agency OCoLC
-- DLC
-- BD-RjUL
Language of cataloging eng
041 ## - LANGUAGE CODE
Language code of text/sound track or separate title eng
082 ## - DEWEY DECIMAL CLASSIFICATION NUMBER
Classification number 501
Author mark and year YOP 1960
100 1# - MAIN ENTRY--PERSONAL NAME
Personal name Yolton, John W.
9 (RLIN) 3674
245 14 - TITLE STATEMENT
Title The philosophy of science of A.S. Eddington /
Statement of responsibility, etc. Préf. par F. Gonseth.
260 ## - PUBLICATION, DISTRIBUTION, ETC. (IMPRINT)
Place of publication, distribution, etc. The Hague :
Name of publisher, distributor, etc. M. Nijhoff,
Date of publication, distribution, etc. c1960.
300 ## - PHYSICAL DESCRIPTION
Pagination xiii, 151 p. ;
Size 24 cm.
500 ## - GENERAL NOTE
General note "Revised version of an essay submitted to the Institut international des sciences théoriques at Brussels for the Eddington contest ... in 1951."
504 ## - BIBLIOGRAPHY, ETC. NOTE
Bibliography, etc Includes bibliography and index.
600 10 - SUBJECT ADDED ENTRY--PERSONAL NAME
Personal name Eddington, Arthur Stanley,
Titles and other words associated with a name Sir,
Dates associated with a name 1882-1944.
650 #0 - SUBJECT ADDED ENTRY--TOPICAL TERM
Topical term or geographic name as entry element Science
General subdivision Philosophy.
9 (RLIN) 31145
942 ## - ADDED ENTRY ELEMENTS (KOHA)
Source of classification or shelving scheme Dewey Decimal Classification
Koha item type Books
Holdings
Lost status Source of classification or shelving scheme Damaged status Not for loan Collection code Permanent Location Current Location Shelving location Date acquired Source of acquisition Cost, normal purchase price Total Checkouts Full call number Date last seen Copy number Koha item type
  Dewey Decimal Classification     Non-fiction Central Library, University of Rajshahi Central Library, University of Rajshahi   27/11/1967 Swets + Zetlinger 23.00   501 YOP 1960 22/01/2014 C-3 Books
  Dewey Decimal Classification     Non-fiction Central Library, University of Rajshahi Central Library, University of Rajshahi   27/11/1967 Swets + Zetlinger 23.00   501 YOP 1960 24/08/2016 C-2 Books
  Dewey Decimal Classification     Non-fiction Central Library, University of Rajshahi Central Library, University of Rajshahi   27/11/1967 Swets + Zetlinger 23.00   501 YOP 1960 24/08/2016 C-4 Books
  Dewey Decimal Classification     Non-fiction Central Library, University of Rajshahi Central Library, University of Rajshahi   27/11/1967 Swets + Zetlinger 23.00   501 YOP 1960 24/08/2016 C-5 Books